Az anopheles és az ember maláriás fertőzését befolyásoló körülményekre vonatkozó kísérletes vizsgálatok

Elmentve itt :
Bibliográfiai részletek
Szerző: Jancsó Miklós
Dokumentumtípus: Cikk
Megjelent: 1918
Sorozat:Kolligátum
Kulcsszavak:Malária, Fertőző betegségek
Online Access:http://misc.bibl.u-szeged.hu/25225
LEADER 00629nab a2200169 i 4500
001 misc25225
005 20191108150414.0
008 170916s1918 hu o 0|| zxx d
040 |a SZTE Miscellanea Repozitórium  |b hun 
041 |a zxx 
100 1 |a Jancsó Miklós 
245 1 3 |a Az anopheles és az ember maláriás fertőzését befolyásoló körülményekre vonatkozó kísérletes vizsgálatok  |h [elektronikus dokumentum] /  |c  Jancsó Miklós 
260 |c 1918 
300 |a 1-41 
490 0 |a Kolligátum 
695 |a Malária, Fertőző betegségek 
856 4 0 |u http://misc.bibl.u-szeged.hu/25225/1/015_023_001-041.pdf  |z Dokumentum-elérés